Loading...
Fine Arts - Classical Music | 9 | 24.44 | 100% | 89% | 56% |
Fine Arts - Other Fine Arts | 10 | 18.00 | 100% | 80% | 0% |
Fine Arts - Visual Fine Arts | 9 | 18.89 | 100% | 78% | 11% |
Geography/Current Events | 3 | 30.00 | 100% | 100% | 100% |
History - American History | 8 | 23.75 | 100% | 100% | 38% |
History - European History | 7 | 21.43 | 100% | 71% | 43% |
History - Other History | 9 | 18.89 | 78% | 78% | 33% |
History - World History | 9 | 20.00 | 100% | 89% | 11% |
Literature - American Literature | 10 | 21.00 | 100% | 80% | 30% |
Literature - British Literature | 6 | 23.33 | 100% | 100% | 33% |
Literature - European Literature | 6 | 20.00 | 100% | 83% | 17% |
Literature - World/Other Literature | 8 | 21.25 | 100% | 100% | 13% |
Mythology | 4 | 17.50 | 100% | 75% | 0% |
Other Academic | 3 | 20.00 | 100% | 100% | 0% |
Philosophy | 7 | 22.86 | 86% | 100% | 43% |
Pop Culture | 1 | 30.00 | 100% | 100% | 100% |
Religion | 7 | 17.14 | 100% | 57% | 14% |
Science - Biology | 8 | 16.25 | 88% | 75% | 0% |
Science - Chemistry | 11 | 23.64 | 100% | 100% | 36% |
Science - Other Science | 9 | 26.67 | 100% | 89% | 78% |
Science - Physics | 9 | 26.67 | 89% | 100% | 78% |
Social Science | 7 | 20.00 | 100% | 57% | 43% |